The Economic Growth Debate / An Assessment (Record no. 1278)
[ view plain ]
| 000 -LEADER | |
|---|---|
| fixed length control field | 01057cam a22001934a 4500 |
| 005 - ΗΜΕΡΟΜΗΝΙΑ ΚΑΙ ΩΡΑ ΤΕΛΕΥΤΑΙΑΣ ΕΝΗΜΕΡΩΣΗΣ | |
| Πεδίο ελέγχου | 20250605164003.0 |
| 008 - FIXED-LENGTH DATA ELEMENTS--GENERAL INFORMATION | |
| Πεδίο ελέγχου σταθερού μήκους | 250528s ||||||||||||||||||||||||d |
| 035 ## - SYSTEM CONTROL NUMBER | |
| System control number | 15722 |
| 020 ## - ISBN | |
| ISBN | 43302815 |
| 040 ## - ΠΗΓΗ ΚΑΤΑΛΟΓΟΓΡΑΦΗΣΗΣ | |
| Φορέας πρωτότυπης καταλογογράφησης | MC Athens Campus Library |
| Γλώσσα καταλογογράφησης | Ελληνικά, Μοντέρνα (1453-) |
| Modifying agency | MC Athens Campus Library |
| Κανόνες περιγραφικής καταλογογράφησης | AACR2 |
| 245 1# - ΤΙΤΛΟΣ ΚΑΙ ΔΗΛΩΣΗ ΥΠΕΥΘΥΝΟΤΗΤΑΣ | |
| Τίτλος | The Economic Growth Debate / An Assessment |
| 260 ## - PUBLICATION, DISTRIBUTION, ETC. | |
| Name of publisher, distributor, etc. | George Allen & Unwin Ltd, |
| Date of publication, distribution, etc. | 1977 |
| 300 ## - PHYSICAL DESCRIPTION | |
| Extent | 280 |
| 520 ## - SUMMARY, ETC. | |
| Summary, etc. | The author makes a choice among the alternative criteria for appraising the arguments, and goes on to show that almost all the favorite pro-growth arguments are ''non-agenda''. Preface, Foreword, Agenda and Non-Agenda in the Economic Growth Debate, Why a Strictly Economic Approach Will not Serve, An Alternative Approach to the Debate, The Non-Agenda of the Economic Growth Debate, Fading Hopes for Economic Growth, Economic Growth and the Good Life: Fundamental Disharmonies, Constituents of the Good Life, On Technology and Freedom, Final Reflections, Postscript, References, Index. |
| 700 1# - ΠΡΟΣΘΕΤΗ ΑΝΑΓΡΑΦΗ--ΦΥΣΙΚΟ ΠΡΟΣΩΠΟ | |
| Personal name | Mishan E.J |
| 9 (RLIN) | 1688 |
| 942 ## - ADDED ENTRY ELEMENTS (KOHA) | |
| Koha item type | Books |
| Τύπος τεκμηρίου | Βιβλιοθήκη | Τρέχουσα τοποθεσία | Barcode | Αριθμός εισαγωγής | Ημερομηνία απόκτησης | Ταξιθετικό σύμβολο | Αριθμός αντιτύπου | Κατάσταση απόσυρσης | Κατάσταση χαμένου | Κατάσταση κατεστραμμένου | Μη δανεισμός | Σύνολο δανεισμών | Ημερομηνία τελευταίας εμφάνισης | Η τιμή ισχύει από |
|---|---|---|---|---|---|---|---|---|---|---|---|---|---|---|
| Books | MC Athens Campus Library | MC Athens Campus Library | 9780000012777 | 2079 | 05/06/2025 | 338.9 MIS | 1 | 05/06/2025 | 05/06/2025 |